Imam

Bibliographic Details
Format: Book
Published: Kuala Lumpur : Utusan Publications & Distributors Sdn. Bhd , 1995
Subjects:

MARC

LEADER 00000cam a2200000 7i4500
001 0000004103
005 20160426.0
020 0 0 |a 967610499X 
090 0 0 |a 899.2333   |b AH 
245 1 0 |a Imam   |c Abdullah Hussain 
260 0 0 |a Kuala Lumpur :   |b Utusan Publications & Distributors Sdn. Bhd ,   |c 1995 
300 |a 705 pages ;   |c 19cm. 
650 0 0 |a Malay fiction 
998 |a JPSM 
999 |a 007969   |b Monograph   |c Open Shelf   |e Default branch